=LDR 00000nam 2200000 4500 =001 INLIS000000000000233 =005 20150302132627.0 =006 =007 =008 Ind =035 ##$$0010-061300000000233 =041 ##$$a Ind =082 ##$$a 615.4 =090 ##$$a 615.4 Muk f =100 ##$$a Mukhtar =245 ##$$a Farmasi fisika bagian struktur atom dan molekul zat padat dan mikromeritika / Moechtar =260 ##$$aYogyakarta$bGajah Mada Univeersity$c1990 =300 ##$$a 221 hlm. : Ilus. ; 21 cm =650 ##$$a Farmasi-Fisika =850 ##$$a NBPNMAT =990 ##$$a 01940194 =990 ##$$a 00093136 =990 ##$$a 55.228-55.231/Pro.93 =990 ##$$a 68.877-68.878/Pro.94 =990 ##$$a DW99005803 =990 ##$$a DW99005804 =990 ##$$a DW99005805 =990 ##$$a DW9005806 =990 ##$$a DW99005807 =990 ##$$a 01201900194 =990 ##$$a 00093136 =990 ##$$a 55.228-55.231/Pro.93 =990 ##$$a 68.877-68.878/Pro.94 =990 ##$$a DW99005803 =990 ##$$a DW99005804 =990 ##$$a DW99005805 =990 ##$$a DW9005806 =990 ##$$a DW99005807 =990 ##$$a 01201900194